Pays qui reconnaissent Taïwan - Statistiques

Statistiques générales
  • Ce quiz a été pris 72 fois
  • Le résultat moyen est 9 sur 17
Statistiques - réponses
Pays % Correct
Nauru
69%
Saint-Vincent-et-les-Grenadines
66%
Palaos
64%
Haïti
61%
Honduras
59%
Sainte-Lucie
59%
Tuvalu
57%
Guatemala
56%
Belize
54%
Nicaragua
52%
Salvador
52%
Kiribati
51%
Saint-Christophe-et-Niévès
51%
Iles Salomon
49%
Iles Marshall
48%
Paraguay
44%
Eswatini
33%
Aucun quiz correspondant
Distribution des résultats
% des personnes avec chaque résultat
Percentile par nombre de réponses
Votre historique - résultats
Vous n’avez pas pris ce quiz